|
|
|
|
| LEADER |
01382nam a2200373 i 4500 |
| 001 |
001582322 |
| 003 |
CZ BrMZK |
| 005 |
20170802090746.0 |
| 007 |
ta |
| 008 |
170622s2013 xxka e f 001 0 eng |
| 020 |
|
|
|a 978-0-19-965136-8
|q (brožováno)
|
| 040 |
|
|
|a BOA001
|b cze
|e rda
|
| 072 |
|
7 |
|a 808
|x Literární styl. Literární činnost a technika. Efektivní využívání jazyka. Spisovatelská činnost
|2 Konspekt
|9 11
|
| 080 |
|
|
|a 808.5
|2 MRF
|
| 080 |
|
|
|a 808.5(091)
|2 MRF
|
| 080 |
|
|
|a (035)
|2 MRF
|
| 100 |
1 |
|
|a Toye, Richard,
|d 1973-
|7 jx20080717019
|4 aut
|
| 245 |
1 |
0 |
|a Rhetoric :
|b a very short introduction /
|c Richard Toye
|
| 250 |
|
|
|a First edition
|
| 264 |
|
1 |
|a Oxford :
|b Oxford University Press,
|c 2013
|
| 300 |
|
|
|a 11 nečíslovaných stran, 122 stran :
|b ilustrace ;
|c 18 cm
|
| 336 |
|
|
|a text
|b txt
|2 rdacontent
|
| 337 |
|
|
|a bez média
|b n
|2 rdamedia
|
| 338 |
|
|
|a svazek
|b nc
|2 rdacarrier
|
| 490 |
1 |
|
|a Very short introductions ;
|v 346
|
| 504 |
|
|
|a Obsahuje bibliografii a rejstřík
|
| 650 |
0 |
7 |
|a rétorika
|7 ph125389
|2 czenas
|
| 650 |
0 |
7 |
|a dějiny rétoriky
|7 ph501067
|2 czenas
|
| 655 |
|
7 |
|a příručky
|7 fd133209
|2 czenas
|
| 830 |
|
0 |
|a Very short introductions
|
| 910 |
|
|
|a BOA001
|b 1-1391.366
|
| 990 |
|
|
|a BK
|
| 991 |
|
|
|b 201708
|c NOV
|x 99
|
| 996 |
7 |
|
|b 2610712313
|c 1-1391.366
|l Anglická knihovna/2.patro
|r ZHR
|n 5
|p kupz
|h INT-toy
|w 001617690
|u 000010
|a 0
|e BOA001
|j MZK50
|s A
|